| 000 | 00315nam a22001217a 4500 | ||
|---|---|---|---|
| 020 | _a1558604421 | ||
| 082 |
_222 _a005.13 |
||
| 100 | _aScott, Michael Lee. | ||
| 245 | _aProgramming language pragmatics / | ||
| 260 |
_aCalifornia, _bMargan Kaufman, _cc2000. |
||
| 300 |
_axxi, 856p. ; _bill. ; _c24 cm. |
||
| 942 |
_2ddc _cIT |
||
| 999 |
_c1882 _d1882 |
||